الأعراف البشرية في ميزان الشريعة الإسلامية / (رقم التسجيلة. 1415)

تفاصيل مارك
000 -LEADER
fixed length control field 00578nam a22001817a 4500
005 - DATE AND TIME OF LATEST TRANSACTION
control field 20251108164019.0
008 - FIXED-LENGTH DATA ELEMENTS--GENERAL INFORMATION
fixed length control field 250721s1993 xx 000 0 ara d
082 14 - DEWEY DECIMAL CLASSIFICATION NUMBER
Classification number 210.434/اشق
100 1# - MAIN ENTRY--PERSONAL NAME
Personal name الأشقر، عمر سليمان عبد الله
245 10 - TITLE STATEMENT
Title الأعراف البشرية في ميزان الشريعة الإسلامية /
264 1# - PRODUCTION, PUBLICATION, DISTRIBUTION, MANUFACTURE, AND COPYRIGHT NOTICE
Place of production, publication, distribution, manufacture عمان :
Name of producer, publisher, distributor, manufacturer دار النفائس،
Date of production, publication, distribution, manufacture, or copyright notice 1993.
300 ## - PHYSICAL DESCRIPTION
Extent 106ص.
490 0# - SERIES STATEMENT
Series statement نظرات في أصول الفقه ؛ 3
650 17 - SUBJECT ADDED ENTRY--TOPICAL TERM
Topical term or geographic name as entry element الإسلام
650 17 - SUBJECT ADDED ENTRY--TOPICAL TERM
Topical term or geographic name as entry element القانون
942 ## - ADDED ENTRY ELEMENTS (KOHA)
Source of classification or shelving scheme Dewey Decimal Classification
Koha item type كتب
المقتنيات
حالة السحب حالة الفقدان مصدر التصنيف حالة التلف غير قابل للإعارة المكتبة الرئيسية المكتبة الحالية موقع الرف تاريخ التزويد الرقم المتسلسل Total Checkouts رقم الإستدعاء تاريخ آخر ظهور تاريخ الفاتورة نوع المادة (كوها) الباركود
    Dewey Decimal Classification     مكتبة الأميرة سلمى مكتبة الأميرة سلمى الإعارة 16/06/2015 1465260   210.434/اشق 28/07/2025 16/06/2015 كتب PLD00331546
    Dewey Decimal Classification Unchecked   مكتبة الاميرة بديعة مكتبة الاميرة بديعة الإعارة 06/07/2004 3524   210.434/اشق 28/07/2025 06/07/2004 كتب  
    Dewey Decimal Classification     مكتبة النصر العامة مكتبة النصر العامة الإعارة 30/10/2014 [5332   210.434/اشق 28/07/2025 30/10/2014 كتب PLD00309091
    Dewey Decimal Classification     مكتبة صويلح العامة مكتبة صويلح العامة الإعارة 23/08/2015 [6794   210.434/اشق 28/07/2025 23/08/2015 كتب PLD00342488
    Dewey Decimal Classification Unchecked   مكتبة وادي السير العامة مكتبة وادي السير العامة الإعارة 06/07/2004 3982   210.434/اشق 28/07/2025 06/07/2004 كتب  
Implemented & Customized by: BBB with SCIT (Smart Chains for Information Technology)

Powered by Koha